1876 1934 1719 1588 1582 1752 1560 1327 1740 1345 1170 1681 1435 1514 1411 1122 1134 1220 1769 1953 1428 1573 1974 1131 1447 1074 1370 1001 1322 1793 1586 1019 1972 1574 1047 1090 1232 1463 1564 1919 1070 1629 1749 1245 1145 1804 1954 1452 1062 1665 1553 1586 1418 1992 1643 1994 1904 1152 1253 1724 1435 1129 1349 1313 1607 1522 1733 1946 1156 1133 1848 1511 1750 1403 1061 1401 1653 1885 1111 1414 1175 1879 1042 1059 1762 1998 1319 1360 1171 1072 1890 1729 1003 1546 1811 1833 1895 1894 1536 BCNSPRNW ULIB Ver.6.0+V

เปลี่ยนเป็นภาษาไทย

Change to English
 แสดงรายละเอียดบรรณานุกรม
  กลับหน้าหลัก

Brief Record : Get Marc (ISO 2709) : E-mail record : QR code < ปิดหน้าต่าง
LEADER : 00000nam 2200000uu 4500
001    13399112260
003     ULIB
008    110802s2552||||th 000 0 tha d
020    9786117115042
050  4 BQ9800.T5382^bน398ศ 2552
100 0  นัท ฮันห์,^cติช
245 10 ศิลปะแห่งอำนาจ =^bThe art of power /^cติช นัท ฮันห์,ผู้เขียน ; จิตร์ ตัณฑเสถียร และสังฆะหมู่บ้านพลัมประเทศไทย,ผู้แปล ; พระภิกษุณีนิรามิสา, บรรณาธิการเล่ม ; อิศวเรศ ตโนนุท, บรรณาธิการ
246 31 Art of power
250    พิมพ์ครั้งที่ 1
260    กรุงเทพฯ :^bฟรีมายด์,^c2552
300    255 หน้า ;^c21 ซม.
650  4 ชีวิตทางจิตวิญญาณ^xแง่ศาสนา^xพุทธศาสนา
650  4 พุทธศาสนา^xคำสั่งสอน
700 0  อิศวเรศ ตโนนุท,^eบรรณาธิการ
700 0  ภิกษุณีนิรามิสา,^eบรรณาธิการ
700 0  จิตร์ ตัณฑเสถียร,^eผู้แปล
700 02 Nhat Hanh,^cThich.^tThe art of power
945    ^p360^l0^i18475
995    เกษร
999 ^a ใช้งานได้ทุกระบบ
รายการนี้ยังไม่มีแท็ก
คุณยังไม่ได้ล็อกอิน คุณสามารถมีกิจกรรมร่วมกับเว็บไซต์ได้ แต่ต้องล็อกอินก่อน ::
  ล็อกอิน

รายการสื่อสารสนเทศ

ลำดับที่ ประเภท เลขเรียก/บาร์โค้ด สถานที่ สถานะ
1. วิทยาศาสตร์การแพทย์ และสุขภาพ
วิทยาศาสตร์การแพทย์ และสุขภาพ
BQ9800.T5382 น398ศ 2552  
  Barcode: 18475
ห้องสมุดวิทยาเขตสวรรค์ประชารักษ์
►นวนิยาย
บนชั้น
  ขอยืม

BibComment


ยังไม่เคยถูกคอมเมนท์

คอมเมนท์ทรัพยากรรายการนี้
  คอมเมนท์: ศิลปะแห่งอำนาจ T..


 Copyright 2026. Bcnsprnw @Library